Southville International School and Colleges
Your cart is empty.
  • Cart
  • Lists
    Public lists Eva Luna New books Lux_list list_1
    Your lists Log in to create your own lists
  • Log in to your account
  • Your cookies
  • Search history
Southville International School and Colleges
  • Advanced search
  • Recent comments
  • Most popular
  • Libraries

Log in to your account

Log in with GOOGLE


If you do not have an external account, but do have a local account, you can still log in:

  1. Home
  2. MARC view: Pagpapahalagang sining sa Filipino :
Normal view MARC view ISBD view

Pagpapahalagang sining sa Filipino : (Record no. 291268)

[ view plain ]
MARC details
000 -LEADER
fixed length control field 00823nam a2200289Ia 4500
008 - FIXED-LENGTH DATA ELEMENTS--GENERAL INFORMATION
fixed length control field 160303s9999 xx 000 0 und d
020 ## - INTERNATIONAL STANDARD BOOK NUMBER
International Standard Book Number 971-08-6306-1
050 ## - LIBRARY OF CONGRESS CALL NUMBER
Classification number FIL N 346.5
050 ## - LIBRARY OF CONGRESS CALL NUMBER
Item number .P5A77 2002 c.1
100 ## - MAIN ENTRY--PERSONAL NAME
Personal name Arrogante, Jose A.
245 ## - TITLE STATEMENT
Title Pagpapahalagang sining sa Filipino :
245 ## - TITLE STATEMENT
Remainder of title pinta at literatura, sayaw at musika, atb… /
245 ## - TITLE STATEMENT
Statement of responsibility, etc Jose A. Arrogante.
260 ## - PUBLICATION, DISTRIBUTION, ETC. (IMPRINT)
Place of publication, distribution, etc Mandaluyong:
260 ## - PUBLICATION, DISTRIBUTION, ETC. (IMPRINT)
Name of publisher, distributor, etc National Book Store,
260 ## - PUBLICATION, DISTRIBUTION, ETC. (IMPRINT)
Date of publication, distribution, etc 2002
300 ## - PHYSICAL DESCRIPTION
Extent 287 pages :
300 ## - PHYSICAL DESCRIPTION
Other physical details illustrations ;
300 ## - PHYSICAL DESCRIPTION
Dimensions 22 cm.
500 ## - GENERAL NOTE
General note Includes bibliographical references.
650 ## - SUBJECT ADDED ENTRY--TOPICAL TERM
Topical term or geographic name as entry element Art --
650 ## - SUBJECT ADDED ENTRY--TOPICAL TERM
Topical term or geographic name as entry element Arts --
650 ## - SUBJECT ADDED ENTRY--TOPICAL TERM
Topical term or geographic name as entry element Humanities --
650 ## - SUBJECT ADDED ENTRY--TOPICAL TERM
General subdivision Philippines -- History.
650 ## - SUBJECT ADDED ENTRY--TOPICAL TERM
General subdivision Study and teaching (Higher) -- Philippines.
650 ## - SUBJECT ADDED ENTRY--TOPICAL TERM
General subdivision Study and teaching.
Holdings
Withdrawn status Lost status Damaged status Home library Current library Shelving location Date acquired Total Checkouts Full call number Barcode Date last seen Price effective from Koha item type
      South Mansfield College South Mansfield College Filipiniana Section     FIL N 346.5 .P5A77 2002 c.1 SMC00243 03/03/2016 03/03/2016  

Pagpapahalagang sining sa Filipino :

APA

Arrogante J. A., .Pagpapahalagang sining sa Filipino. Mandaluyong: .

Chicago

Arrogante Jose A, .Pagpapahalagang sining sa Filipino. Mandaluyong: .

Harvard

Arrogante J. A., .Pagpapahalagang sining sa Filipino. Mandaluyong: .

MLA

Arrogante Jose A, .Mandaluyong: . .

  • Place hold
  • Print
  • Cite
  • Add to your cart (remove)
  • Save record
    BIBTEX Dublin Core MARCXML MARC (non-Unicode/MARC-8) MARC (Unicode/UTF-8) MARC (Unicode/UTF-8, Standard) MODS (XML) RIS
  • More searches
    Search for this title in:
    Other Libraries (WorldCat) Other Databases (Google Scholar) Online Stores (Bookfinder.com) Open Library (openlibrary.org)

Exporting to Dublin Core...

SOUTHVILLE LIBRARY

Southville International School and Colleges Library

1281 Tropical Ave. Cor. Luxembourg St., BF Homes International, Las Pinas City

Tel. No. 8256374 / 252358 Loc. 117/146

Powered by Koha